01129nam a2200277Ia 4500001001100000003000500011008004100016010001100057040000900068090002200077100004100099245017600140260003400316300002200350502010500372700005700477710005800534901002200592902000600614905006300620910000900683942000900692942001200701999001900713952011900732Para_10182CHAP220125sDici xx 000 0 und d a208865 cCHAP aPA CD - TESIS 237 aCastro Escobar, Blanca Ivone9125687 aIdentificación del complejo de Ácaros del género Brevipalpus en el cultivo de la granada /c Blanca Ivone Castro Escobar. Director Ma. del Carmen Sánchez Gálvez aChapingo, Méx. :b el autor a1 CDS ROM (55 p.) aTesis (Ing. Agr. Esp. en Parasitología Agrícola). UACh. Departamento Parasitología Agrícola aSánchez Gálvez, Ma. del Carmen. Director9175073 aUACh. Departamento Parasitología Agrícola9164025 aPA CD - TESIS 237 aM a513220Diciembre, 2012 abn 1100000000 06 aDici cPARA cPARAd2 c208865d208865 00102local4051708TESISaPAbPAc10d2015-03-30fPARAl0pPA_010345r2022-01-25 00:00:00t1w2022-01-25yTDz3